<?xml version="1.0" encoding="UTF-8"?>
<record
    xmlns:xsi="http://www.w3.org/2001/XMLSchema-instance"
    xsi:schemaLocation="http://www.loc.gov/MARC21/slim http://www.loc.gov/standards/marcxml/schema/MARC21slim.xsd"
    xmlns="http://www.loc.gov/MARC21/slim">

  <leader>02191nam a22002537a 4500</leader>
  <controlfield tag="003">AR-RoUNCS</controlfield>
  <controlfield tag="005">20260505161619.0</controlfield>
  <controlfield tag="007">ta</controlfield>
  <controlfield tag="008">260415s2011    ag  ||||r|||| 00| j spa d</controlfield>
  <datafield tag="020" ind1=" " ind2=" ">
    <subfield code="a">9789508086570</subfield>
  </datafield>
  <datafield tag="040" ind1=" " ind2=" ">
    <subfield code="a">AR-RoUNCS</subfield>
    <subfield code="b">spa</subfield>
    <subfield code="c">AR-RoUNCS</subfield>
  </datafield>
  <datafield tag="041" ind1=" " ind2=" ">
    <subfield code="a">spa</subfield>
  </datafield>
  <datafield tag="080" ind1=" " ind2=" ">
    <subfield code="0">82-34(821.6)</subfield>
  </datafield>
  <datafield tag="100" ind1=" " ind2=" ">
    <subfield code="a">Barat, Ebel</subfield>
    <subfield code="e">autor</subfield>
  </datafield>
  <datafield tag="245" ind1="1" ind2="0">
    <subfield code="a">Rosario viaja con perros / </subfield>
    <subfield code="c">Ebel Barat.</subfield>
  </datafield>
  <datafield tag="260" ind1=" " ind2=" ">
    <subfield code="a">Rosario : </subfield>
    <subfield code="b">Homo Sapiens,</subfield>
    <subfield code="c">c2011.</subfield>
  </datafield>
  <datafield tag="300" ind1=" " ind2=" ">
    <subfield code="a">210 p. ; </subfield>
    <subfield code="c">22 cm.</subfield>
  </datafield>
  <datafield tag="490" ind1=" " ind2=" ">
    <subfield code="a">Ciudad y orilla</subfield>
  </datafield>
  <datafield tag="505" ind1="0" ind2=" ">
    <subfield code="a">Palabras introductorias -- Joao -- La ruta de Ortiz -- Una direcci&#xF3;n inesperada -- &#xA1;Sucubu! -- El salm&#xF3;n -- La segunda obsesi&#xF3;n de O&#x2019;Harris -- Amistades -- Bicicletas -- Las islas -- Portobello street -- Pop&#xF3; -- Siempre all&#xED; -- El temor al desayuno -- La justificaci&#xF3;n del tiempo -- La guerra del fuego -- El car&#xE1;cter del lugar -- Rosario viaja con perros.-
</subfield>
  </datafield>
  <datafield tag="520" ind1=" " ind2=" ">
    <subfield code="a">Ebel Barat, poeta, narrador y ensayista, pertenece a la generaci&#xF3;n intermedia de autores rosarinos con una probada trayectoria de prepotencia del trabajo y calidad literaria. La selecci&#xF3;n de relatos con que integra nuestra colecci&#xF3;n remite a su condici&#xF3;n de autor m&#xFA;ltiple que para contar una historia ser&#xE1; capaz de utilizar el lenguaje escrupuloso del poema y la mirada cr&#xED;tica o iluminadora del ensayo. Hay toda una galer&#xED;a de significantes y significados en estos cuentos: el modo de narrar va desde el discurso cuidado al l&#xE9;xico urbano y casual, pasando por la experiencia vanguardista. Asimismo, la tem&#xE1;tica combina lo fant&#xE1;stico, el humor, el suspenso y lo aleg&#xF3;rico con la realidad cotidiana, a veces s&#xF3;rdida o epif&#xE1;nica gracias a una breve pero intensa ternura impl&#xED;cita. A esta variedad se suma la propia del ambiente, porque las historias pueden suceder tanto en Rosario como en lejanos lugares del mundo. Hay algo particular y aut&#xE9;ntico en Ebel Barat escritor: su condici&#xF3;n de dandy en el sentido en que lo define Baudelaire: la &#xFA;ltima haza&#xF1;a posible, una b&#xFA;squeda de distinci&#xF3;n y de nobleza, de una aristocracia de la apariencia. Un dandy rosarino, claro.</subfield>
  </datafield>
  <datafield tag="650" ind1=" " ind2="7">
    <subfield code="a">Literatura argentina</subfield>
    <subfield code="2">embne</subfield>
  </datafield>
  <datafield tag="655" ind1=" " ind2="7">
    <subfield code="a">Cuento</subfield>
    <subfield code="2">embne</subfield>
  </datafield>
  <datafield tag="942" ind1=" " ind2=" ">
    <subfield code="2">udc</subfield>
    <subfield code="c">OG</subfield>
    <subfield code="n">0</subfield>
  </datafield>
  <datafield tag="999" ind1=" " ind2=" ">
    <subfield code="c">987</subfield>
    <subfield code="d">987</subfield>
  </datafield>
  <datafield tag="952" ind1=" " ind2=" ">
    <subfield code="0">0</subfield>
    <subfield code="1">0</subfield>
    <subfield code="2">udc</subfield>
    <subfield code="4">0</subfield>
    <subfield code="7">0</subfield>
    <subfield code="8">CG</subfield>
    <subfield code="a">ESOCIALES</subfield>
    <subfield code="b">ESOCIALES</subfield>
    <subfield code="d">2026-04-15</subfield>
    <subfield code="e">Donaci&#xF3;n 2024</subfield>
    <subfield code="l">0</subfield>
    <subfield code="o">82-34(821.6) B226</subfield>
    <subfield code="p">001213</subfield>
    <subfield code="r">2026-04-15 10:30:00</subfield>
    <subfield code="w">2026-04-15</subfield>
    <subfield code="y">OG</subfield>
  </datafield>
</record>
